Прикладная механика: учебное пособие

Dettagli Bibliografici
Autore principale: Мурин А. В. Алексей Викентьевич
Ente Autore: Национальный исследовательский Томский политехнический университет (ТПУ)
Altri autori: Осипов В. А. Вениамин Анатольевич
Riassunto:Заглавие с титульного экрана
Электронная версия печатной публикации
В пособии рассмотрены основные вопросы теории механизмов, сопротивления материалов, проектирования деталей, элементов и передаточных механизмов машин. Материал изложен с учетом новых ГОСТов. Предназначено для студентов немашиностроительных специальностей вузов (горных, физико-химических специальностей, электротехнических институтов и др.)
Режим доступа: из корпоративной сети ТПУ
Lingua:russo
Pubblicazione: Томск, Изд-во ТПУ, 2010
Soggetti:
Accesso online:http://www.lib.tpu.ru/fulltext2/m/2011/m255.pdf
Natura: MixedMaterials Elettronico Libro
KOHA link:https://koha.lib.tpu.ru/cgi-bin/koha/opac-detail.pl?biblionumber=198317

MARC

LEADER 00000nlm0a2200000 4500
001 198317
005 20231101224815.0
035 |a (RuTPU)RU\TPU\book\216304 
090 |a 198317 
100 |a 20110628d2010 m y0rusy50 ca 
101 0 |a rus 
102 |a RU 
105 |a a j 001zy 
135 |a drcn ---uucaa 
181 0 |a i  
182 0 |a b 
200 1 |a Прикладная механика  |b Электронный ресурс  |e учебное пособие  |f А. В. Мурин, В. А. Осипов  |g Национальный исследовательский Томский политехнический университет (ТПУ) 
203 |a Текст  |c электронный 
210 |a Томск  |c Изд-во ТПУ  |d 2010 
230 |a 1 компьютерный файл (pdf; 7.4 MB) 
300 |a Заглавие с титульного экрана 
300 |a Электронная версия печатной публикации 
330 |a В пособии рассмотрены основные вопросы теории механизмов, сопротивления материалов, проектирования деталей, элементов и передаточных механизмов машин. Материал изложен с учетом новых ГОСТов. Предназначено для студентов немашиностроительных специальностей вузов (горных, физико-химических специальностей, электротехнических институтов и др.) 
333 |a Режим доступа: из корпоративной сети ТПУ 
337 |a Adobe Reader 
452 1 |0 (RuTPU)RU\TPU\book\202567  |t Прикладная механика  |o учебное пособие  |f А. В. Мурин, В. А. Осипов  |g Национальный исследовательский Томский политехнический университет (ТПУ)  |c Томск  |n Изд-во ТПУ  |d 2010  |p 325 с.  |a Мурин, Алексей Викентьевич 
606 1 |a Прикладная механика  |2 stltpush  |3 (RuTPU)RU\TPU\subj\51670  |9 70243 
610 1 |a электронный ресурс 
610 1 |a труды учёных ТПУ 
610 1 |a учебные пособия 
610 1 |a механизмы 
610 1 |a структура 
610 1 |a строение 
610 1 |a кинематика 
610 1 |a динамический анализ 
610 1 |a сопротивление материалов 
610 1 |a конструкции 
610 1 |a элементы 
610 1 |a прочностная надежность 
610 1 |a растяжение 
610 1 |a растяжение-сжатие 
610 1 |a изгиб 
610 1 |a кручение 
610 1 |a сложное сопротивление 
610 1 |a местные напряжения 
610 1 |a прочность 
610 1 |a взаимозаменяемость 
610 1 |a конструкционные материалы 
610 1 |a механические передачи 
610 1 |a зубчатые колеса 
610 1 |a цилиндрические передачи 
610 1 |a конические передачи 
610 1 |a червячные пары 
610 1 |a ременные передачи 
610 1 |a муфты 
610 1 |a учебные пособия 
675 |a 621.01:531(075.8)  |v 3 
700 1 |a Мурин  |b А. В.  |c специалист в области машиностроения  |c доцент Томского политехнического университета, кандидат технических наук  |g Алексей Викентьевич  |2 stltpush  |3 (RuTPU)RU\TPU\pers\25107 
701 1 |a Осипов  |b В. А.  |c специалист в области машиностроения  |c доцент Томского политехнического университета  |g Вениамин Анатольевич  |2 stltpush  |3 (RuTPU)RU\TPU\pers\27083 
712 0 2 |a Национальный исследовательский Томский политехнический университет (ТПУ)  |c (2009- )  |2 stltpush  |3 (RuTPU)RU\TPU\col\15902 
801 1 |a RU  |b 63413507  |c 20110628 
856 4 |u http://www.lib.tpu.ru/fulltext2/m/2011/m255.pdf 
942 |c CF